Osztoszkodás a nyereségen Kelet-szlovákiai vasmü

Bibliographic Details
Main Author: (gazdag) (Author)
Corporate Author: Východoslovenské železiarne (Košice, Slovensko) (Author)
Format: Article
Language:Hungarian
Slovak
Subjects:

MARC

LEADER 00000nab a2200000 a 4500
001 vtls000923990
003 SK-MaSNL
005 20260319073745.0
008 040720e19950929xo 0 hun
035 |a KE32867 
040 |a KEVKJB  |b slo  |c KEVKJB  |e AACR2 
041 1 |h slo 
044 |a xo  |c SK 
080 |a 669.1  |2 1981 
100 0 |a (gazdag)  |4 aut  |9 880778 
245 1 0 |a Osztoszkodás a nyereségen  |b Kelet-szlovákiai vasmü 
610 2 7 |a Východoslovenské železiarne (Košice, Slovensko)  |2 KEVKJB 
650 0 7 |a hospodárenie  |2 KEVKJB  |9 322275 
650 0 7 |a výsledky  |2 KEVKJB  |9 493505 
651 7 |a Košice (Slovensko)  |2 KEVKJB  |9 18694 
651 7 |a KS,  |2 KEVKJB  |9 880381 
655 7 |a periodikum  |2 snkbucl  |9 29553 
710 2 |a Východoslovenské železiarne (Košice, Slovensko)  |4 aut 
773 0 8 |t Új Szó  |g Roč. 48  |g Roč. 28, č.225, 29.9.1995, s. 2 
852 |a ZVYKNI  |b KIS3GCP 
999 |c 1670265  |d 1672195